00725nam a22001937a 4500003000200000005001700002008004100019050003100060100001900091245005200110260009000162300003400252504004100286650006400327650003000391650003300421650004400454650003300498020250129102055.0150903b xxu||||| |||| 00| 0 eng d aPGS LB 1050.5 b.C559 2015 aChun, Hee Jae. aReading books and study skills /cHee Jae Chun. aLas Piñas City, Philippines :bSouthville International School and Colleges,c2015. a35 p. :bill. ;c28 cm.fPASS aIncludes bibliographical references. 2Library of Congress Subject HeadingsaReading (Elementary). aStudy skills in children. aChildrenvBooks and reading. aElementary school studentsvPsychology. aTime management in children.